000 01154nam a22002537a 4500
999 _c10549
_d10549
003 AR-CdUCM
008 190401b ||||| |||| 00| 0 spa d
040 _aMUNICIPALIDAD PROVINCIAL DEL CUSCO
_cBIBLIOTECA MUNICIPAL DEL CUSCO
082 _a340.7 /
_bC26 / 1962
100 _aCarvallo, Adolfo
_927486
245 _aMétodos de interpretación en la ciencia de derecho /
260 _aValparaiso :
_bPrensas de la escuela de derecho de Valparaiso,
_c1962.
300 _a49 páginas ;
_c25 cm.
440 _aEdición de la escuela de derecho de Valparaiso ;
_n3
_927487
505 _aContenido: Principales métodos interpretativos -- Otros métodos sobre la interpretación de la ley -- La interpretación e integración en el derecho privado chileno -- Los métodos interpretativos ante los diversos ordenamientos jurídicos positivos.
650 _aCiencia del derecho
_912079
650 _aLey
_97887
650 _aInvestigación científica
_99735
650 _aOrdenamientos juridicos
_912078
710 _aUniversidad de Chile
_927488
710 _aFacultad de ciencias jurídicas y sociales
_927489
942 _2ddc
_cLIBROS
945 _aacv